00873nam a2200253Ia 4500003000900000008004100009040001300050040001300063041000800076100001500084100001200099245014500111250001000256260001800266260000900284300000900293300001200302490005000314490000600364600004700370942000700417999001100424952018400435IT-RoPAU120407s9999 xx 000 0 und d aIT-RoPAU cIT-RoPAU aita aAugustinus csanctus a"La città di Dio. Testo latino dell’edizione maurina confrontato con il Corpus Christianorum. Intr.: A. Trapè, R. Russell, S. Cotta." aRoma  aCittà Nuova c1978 bill. c23.5 cm aNuova biblioteca agostiniana opere S.Agosti,5 v1 a 1° vol. Libri I-X. CLXXXVI, 775 p. cBK c93d93 00102ddc406276_60000000000000071aPAULUSbPAULUSd2012-04-11l0o276.6r2012-04-11 00:00:00w2012-04-11yBKzInserito da: Anna In data: n.d. fondo: Via A.Severo 56 Progr:18726